| 000 | 01212cam a2200349 i 4500 | ||
|---|---|---|---|
| 001 | AGU2751BB | ||
| 003 | EG-ScBUE | ||
| 005 | 20230523105251.0 | ||
| 008 | 710514s1978 enka f b 001 0 eng d | ||
| 020 | _a0340230401 | ||
| 035 | _a(InU)AGU2751BB | ||
| 035 | _a(OCoLC)ocm00138704 | ||
| 040 |
_aDLC _beng _erda _cDLC _dIUL _dEG-ScBUE |
||
| 082 | 0 | 4 |
_a519 _222 _bTUR |
| 100 | 1 |
_aTurner, John Christopher. _eauthor. |
|
| 245 | 1 | 0 |
_aModern applied mathematics : _bprobability, statistics, operational research / _cJ. C. Turner, reader in mathematics, University of Waikato, formerly principal lecturer, leeds polyechnic. |
| 250 | _aELBS first edition. | ||
| 264 | 1 |
_aLondon : _bThe English Language Book Society, _bHodder and Stoughton, _c1978. |
|
| 300 |
_aix, 502 pages : _billustrations ; _c23 cm. |
||
| 336 |
_2rdacontent _atext _btxt |
||
| 337 |
_2rdamedia _aunmediated _bn |
||
| 338 |
_2rdacarrier _avolume _bnc |
||
| 350 | _a£3.45 | ||
| 504 | _aIncludes bibliographical references and index. | ||
| 650 | 7 |
_aProbabilities. _2BUEsh |
|
| 650 | 7 |
_aStatistics. _2BUEsh |
|
| 650 | 7 |
_aOperations research. _2BUEsh |
|
| 653 | _bENGGEN | ||
| 655 | _vReading book | ||
| 942 |
_2ddc _cBB |
||
| 998 | _c6/6/1996 | ||
| 999 |
_c30440 _d30411 |
||